Physiology and growth of maize under salinity of water and application of hydrogen peroxide (Registro n. 337934)
[ somente texto ]
| 000 -LÍDER | |
|---|---|
| fixed length control field | 04525nab a2200361 i 4500 |
| 003 - CÓDIGO MARC DA AGÊNCIA CATALOGADORA | |
| Campo de controle | BR-BrBNA |
| 005 - DATA E HORA DA ÚLTIMA ATUALIZAÇÃO | |
| Campo de controle | 20250901173911.0 |
| 008 - CAMPO DE TAMANHO FIXO | |
| fixed length control field | 250901b2022 bl.mr|pooa||| 00| 0 eng | |
| 040 ## - FONTE DA CATALOGAÇÃO | |
| Agência catalogadora | BR-BrBNA |
| Idioma da catalogação | eng |
| 072 ## - CATEGORIA AGRIS | |
| Código AGRIS | F60 |
| Código do objeto | 0120 |
| 072 ## - CATEGORIA AGRIS | |
| Código AGRIS | F06 |
| 100 ## - ENTRADA PRINCIPAL - NOME PESSOAL | |
| Nome pessoal | Lacerda, Francisco H. D. |
| 100 ## - ENTRADA PRINCIPAL - NOME PESSOAL | |
| Nome pessoal | Pereira, Francisco H. F. |
| 100 ## - ENTRADA PRINCIPAL - NOME PESSOAL | |
| Nome pessoal | Silva, Francisco de A. da |
| 100 ## - ENTRADA PRINCIPAL - NOME PESSOAL | |
| Nome pessoal | Queiroga, Fabio M. de |
| 100 ## - ENTRADA PRINCIPAL - NOME PESSOAL | |
| Nome pessoal | Brito, Marcos E. B. |
| 100 ## - ENTRADA PRINCIPAL - NOME PESSOAL | |
| Nome pessoal | Medeiros, Joyce E. de |
| 100 ## - ENTRADA PRINCIPAL - NOME PESSOAL | |
| Nome pessoal | Dias, Mirandy dos S. |
| 245 ## - TÍTULO PRINCIPAL | |
| Título principal | Physiology and growth of maize under salinity of water and application of hydrogen peroxide |
| 500 ## - NOTA GERAL | |
| Nota geral | Publicação on-line; 28 ref.; 6 illus; 3 tables; Sumaries (En, Pt) |
| 942 ## - ADDED ENTRY ELEMENTS (KOHA) | |
| Koha item type | Analítica |
| 520 ## - NOTA DE RESUMO | |
| Nota de conteúdo | <br/><br/>ABSTRACT: The salinity of irrigation water or soil is the abiotic factor that most negatively impacts the yield of crops, including green maize, so it is necessary to find alternatives to ensure production. In this context, this study aimed to evaluate gas exchange, photosynthetic pigments, and growth of maize under salinity of irrigation water and application of hydrogen peroxide. The experiment was conducted at the Center of Sciences and Agrifood Technology, Pombal, PB, belonging to the Federal University of Campina Grande, in the period from January to February 2015, using the maize hybrid ‘AG 1051’. The treatments consisted of two salinity levels of irrigation water (0.3 and 2.0 dS m-1) and five concentrations of hydrogen peroxide (0, 40, 80, 160, and 320 µmol L-1) applied via irrigation water. The experimental design was completely randomized, in a 2 × 5 factorial scheme, with four replicates. ECw of 2.0 dS m-1 reduces transpiration, stomatal conductance, total chlorophyll, carotenoids, and initial growth, but does not affect the dry mass accumulation of maize plants. Application of H2 O2 via soil varying from 0 to 320 µmol L-1 causes reductions in the CO2 assimilation rate and transpiration, as well as at concentrations from 0 to 160 µmol L-1 for stomatal conductance of plants irrigated with ECw of 2.0 dS m-1. Application of H2O2 via soil up to a concentration of 320 µmol L-1 increases the plant height, but reduces culm diameter of maize.<br/><br/>Key words: Zea mays L., saline water, mitigator<br/> |
| 520 ## - NOTA DE RESUMO | |
| Nota de conteúdo | <br/><br/>RESUMO: A salinidade da água de irrigação ou do solo são fatores abióticos que mais impacta negativamente na produtividade das culturas, entre elas, o milho verde, sendo necessário encontrar alternativas para garantir a produção. Nesse contexto, objetivou-se avaliar as trocas gasosas, os pigmentos fotossintéticos e o crescimento do milho sob salinidade da água de irrigação e aplicação de peróxido de hidrogênio. O experimento foi conduzido no Centro de Ciências e Tecnologia Agroalimentar, Pombal, PB, pertencente à Universidade Federal de Campina Grande, no período de janeiro a fevereiro de 2015, utilizando-se do híbrido de milho ‘AG 1051’. Os tratamentos foram constituídos por dois níveis de salinidade da água de irrigação (0,3 e 2,0 dS m-1) e cinco concentrações de peróxido de hidrogênio (0, 40, 80, 160 e 320 µmol L-1) aplicadas via água de irrigação. O delineamento experimental foi o inteiramente casualizado, no esquema fatorial 2 × 5, com quatro repetições. A CEa de 2,0 dS m-1 reduz a transpiração, condutância estomática, clorofila total, carotenóides e crescimento inicial, mas não afeta o acúmulo de massa seca das plantas de milho. A aplicação de H2O2 via solo variando de 0 a 320 µmol L-1 promoveu redução na taxa de assimilação de CO2 e transpiração, bem como em concentrações de 0 a 160 µmol L-1 para condutância estomática de plantas irrigadas com CEa de 2,0 dS m-1. Aplicação de H2O2 via solo até a concentração de 320 µmol L-1 aumentou a altura de plantas, porém reduziu o diâmetro do colmo de milho.<br/><br/>Palavras-chave: Zea mays L., águas salinas, atenuante |
| 650 ## - ASSUNTO - THESAGRO | |
| Cabeçalho tópico ou nome geográfico | MILHO VERDE |
| 650 ## - ASSUNTO - THESAGRO | |
| Cabeçalho tópico ou nome geográfico | ÁGUA SALINA |
| 650 ## - ASSUNTO - THESAGRO | |
| Cabeçalho tópico ou nome geográfico | IRRIGAÇÃO |
| 650 ## - ASSUNTO - THESAGRO | |
| Cabeçalho tópico ou nome geográfico | TROCA GASOSA |
| 650 ## - ASSUNTO - THESAGRO | |
| Cabeçalho tópico ou nome geográfico | FOTOSSÍNTESE |
| 650 ## - ASSUNTO - THESAGRO | |
| Cabeçalho tópico ou nome geográfico | FISIOLOGIA VEGETAL |
| 773 0# - ENTRADA ANALÍTICA | |
| Host Biblionumber | 3534 |
| Registro do item | 317827 |
| Imprenta | Campina Grande-PB Universidade Federal de Campina Grande. Centro de Ciências e Tecnologia 1997 |
| Outro identificador | 2024-4546 |
| Título | Revista Brasileira de Engenharia Agrícola e Ambiental (Brazil) |
| ISSN | 1415-4366 |
| Colação | v. 26 (11) p. 771-779; (2022) |
| Número de controle de registro | BR2025003528 |
| 856 ## - ACESSO E ENDEREÇO ELETRÔNICO | |
| Identificador uniforme de recurso - URI | https://www.scielo.br/j/rbeaa/a/ZVbgS9d9xHtRdCPwfhCfnms/?format=pdf&lang=en |
Nenhum exemplar disponível.

BINAGRI